Curso de direito constitucional / (Record no. 858)

MARC details
000 -LÍDER
Campo Fixo de Controle 00854nam a2200265 a 4500
001 - NÚMERO DE CONTROLE
Campo de Controle 858
003 - IDENTIFICAÇÃO DO NÚMERO DE CONTROLE
Campo de Controle BR-CuiBMT
005 - DATA E HORA DA ÚLTIMA ATUALIZAÇÃO
Campo de Controle 20231129065211.0
008 - DADOS FIXOS
Dados Fixos 231121s2008 spba 001 0 por d
020 ## - INTERNATIONAL STANDARD BOOK NUMBER
Nº do ISBN 9788502069381
040 ## - AGÊNCIA CATALOGADORA
Código da Agência Catalogadora BR-CuiBMT
Agência que transcreveu o registro BR-CuiBMT
080 ## - Nº DA CLASSIFICAÇÃO DECIMAL UNIVERSAL
Nº edição CDU 2007
Nº Class. CDU 342
090 ## - NÚMERO DE CHAMADA
Nº classificação 342
Cutter C977
Ano/Edição 5. ed.
245 00 - TÍTULO PRINCIPAL
Título principal Curso de direito constitucional /
Indicação de responsabilidade Ricardo Cunha Chimenti ... [et al.].
250 ## - EDIÇÃO
Edição 5. ed., rev. e atual.
260 ## - PUBLICAÇÃO, DISTRIBUIÇÃO, ETC.
Local de publicação São Paulo :
Editora Saraiva,
Data 2008.
300 ## - DESCRIÇÃO FÍSICA
N. páginas ou volumes 580 p. :
Ilustrações il. ;
Dimensões 23 cm
500 ## - NOTAS GERAIS
Notas gerais Informação retirada da capa: De acordo com a Emenda Constitucional n. 56/2007.
504 ## - NOTA DE BIBLIOGRAFIA, ETC.
Nota de bibliografia Inclui bibliografia.
650 ## - ASSUNTO TÓPICO
Cabeçalho tópico ou nome geográfico Direito constitucional
Subdivisão geográfica Brasil
650 ## - ASSUNTO TÓPICO
Cabeçalho tópico ou nome geográfico Poder constituinte
Subdivisão geográfica Brasil
650 ## - ASSUNTO TÓPICO
Cabeçalho tópico ou nome geográfico Administração pública
Subdivisão geográfica Brasil
700 1# - ENTRADA SECUNDÁRIA -- NOME PESSOAL
Nome pessoal Chimenti, Ricardo Cunha
Termo de relação et al.
942 ## - ELEMENTOS DE ENTRADA ADICIONAIS (KOHA)
Fonte de classificação ou esquema de arquivamento Classificação Decimal Universal
Tipo de item do Koha Livros
Holdings
Estado: removido Estado: perdido Fonte de classificação ou esquema de arquivamento Estado: danificado Indisponível para empréstimo Localização permanente Localização atual Data de aquisição Total Checkouts Número de Chamada completo Código de barras Date last seen Número do exemplar Preço efetivo a partir de Tipo de item (Koha)
    Classificação Decimal Universal     Biblioteca da Escola Superior de Contas do TCE/MT Biblioteca da Escola Superior de Contas do TCE/MT 23/09/2008   342 C977 5. ed. BIBTCEMT23110800 21/11/2023 Ex. 1 21/11/2023 Livros

Powered by Koha